La proteccin̤ del inversor en el programa de notas a medio plazo

Detalles Bibliográficos
Autor principal: Přez Cervantes, Felipe
Otros Autores: Cortš Moreno, Luis Antonio, Garca̕ Bojorges, Elsa Beatriz, Biese Decker, William Allan, Gras Gas, Juan Mauricio
Formato: eBook
Lenguaje:español
Publicado: Barcelona: J.M. Bosch Editor, 2018
Materias:
Acceso en línea:Acceso restringido

MARC

LEADER 00000nam a22000007a 4500
005 20190517220530.0
007 cr|||| ||||
008 190517s2018 es |||||s|||| 00||0 spa d
020 |a 978-84-948990-1-0 
035 |a 23034 
040 |a vLex 
090 |c 8756  |d 8756 
100 1 |a Přez Cervantes, Felipe 
245 1 2 |a La proteccin̤ del inversor en el programa de notas a medio plazo  |h [Recurso electrn̤ico] /  |c Felipe Přez Cervantes, Luis Antonio Cortš Moreno, Elsa Beatriz Garca̕ Bojorges, William Allan Biese Decker, Juan Mauricio Gras Gas 
256 |a Servicio en ln̕ea 
260 |a Barcelona:  |b J.M. Bosch Editor,  |c 2018 
300 |a 1 recurso electrn̤ico 
506 1 |a Disponible solo en los productos indicados  |d vLex Global  |d vLex Global (Academic Edition, excluding Law Schools)  |d vLex Global (U.S. Academic Edition, Law Schools)  |d vLex Global (U.S. Academic Edition, excluding Law Schools)  |d vLex Global (Academic Edition, Law Schools) 
650 0 4 |a Derecho Fiscal  |z Espaą 
700 1 |a Cortš Moreno, Luis Antonio 
700 1 |a Garca̕ Bojorges, Elsa Beatriz 
700 1 |a Biese Decker, William Allan 
700 1 |a Gras Gas, Juan Mauricio 
740 0 |a vLex Libros (Servicio en ln̕ea) 
856 4 0 |u http://vlex.com/source/proteccion-inversor-programa-notas-medio-plazo-23034  |z Acceso restringido 
942 |c BOOK 
999 0 |a Tax Law